LEADER 01114nam a2200205 i 4500 001 000000190841 003 CaOOAMICUS 005 20100707000000.0 008 100707s1918 it u000 u ita u 013 $a169314 040 $aSeMil$bita 245 10$aIn memoria della Rev.ma Madre Francesca Saverio Cabrini Fondatrice e Superiora Generale delle Missionarie del S. Cuore di Gesł :$bVolata al Clero in Chicago il 22 Dicembre 1917. 260 $aRoma :$bScuola Tipografica Salesiana,$c1918. 300 $aXVI, 381 p., [1] p. di ritratto :$bill. ;$c26 cm. 500 $aIn testa al front : A. M. G. SS. C. J. 650 4$aFrancesca Saverio : Cabrini .$0(OLS)http://semarc/subject/10516 850 $aSeMil 852 $aSeMil$W1$xVenegono$y1$m3H IV 3$j141455$B141455$CSeMilBibl$Z2$F153009 $81 996 $6245$aIn memoria della Rev.ma Madre Francesca Saverio Cabrini Fondatrice e Superiora Generale delle Missionarie del S. Cuore di Gesł :$bVolata al Clero in Chicago il 22 Dicembre 1917$9(OLS)http://semarc/title/274986 996 $6260$aRoma :$bScuola Tipografica Salesiana$9(OLS)http://semarc/publisher/33880 LEADER 00899nam a2200241 i 4500 001 000000060901 003 CaOOAMICUS 005 20140703000000.0 008 140703n it u000 u ita u 013 $a32073 040 $aSeMil$bita 245 13$aIl papato /$cRedazione Dott. Maria Rimoldi, Dott. Giovanna Canuti. 260 $aRoma :$bS.A.L.E.S.,$c199?] 300 $a64 p. ;$c25 cm. 490 0 $aQuaderni Sales 650 4$aPapato.$0(OLS)http://semarc/subject/786 700 1 $aCanuti, Giovanna.$0(OLS)http://semarc/name/24672 700 1 $aRimoldi, Maria.$0(OLS)http://semarc/name/30949 830 0$aQuaderni Sales.$0(OLS)http://semarc/title/40971 850 $aSeMil 852 $aSeMil$W1$xVenegono$y1$m3A V 124$j263907$B27054$CSeMilBibl$Z2$F27057 $81 996 $6245$aIl papato$9(OLS)http://semarc/title/95542 996 $6260$aRoma :$bS.A.L.E.S.$9(OLS)http://semarc/publisher/30324